<?xml version="1.0" encoding="UTF-8"?>
<collection xmlns:xsi="http://www.w3.org/2001/XMLSchema-instance" xsi:schemaLocation="http://www.loc.gov/MARC21/slim http://www.loc.gov/standards/marcxml/schema/MARC21slim.xsd" xmlns="http://www.loc.gov/MARC21/slim">
 <record>
  <leader>00000ctm a22000003a 4500</leader>
  <controlfield tag="001">UP-99796217612120942</controlfield>
  <controlfield tag="003">Buklod</controlfield>
  <controlfield tag="005">20160620165318.0</controlfield>
  <controlfield tag="006">m    |o  d |      </controlfield>
  <controlfield tag="007">ta</controlfield>
  <controlfield tag="008">160620s2015    xx     d     r    |||| u|</controlfield>
  <datafield tag="035" ind1=" " ind2=" ">
   <subfield code="a">(iLib)UPD-00255307614</subfield>
  </datafield>
  <datafield tag="040" ind1=" " ind2=" ">
   <subfield code="a">DARC</subfield>
   <subfield code="e">rda</subfield>
  </datafield>
  <datafield tag="041" ind1="0" ind2=" ">
   <subfield code="a">eng</subfield>
  </datafield>
  <datafield tag="090" ind1=" " ind2=" ">
   <subfield code="a">LG 995 2015 T73 T83</subfield>
  </datafield>
  <datafield tag="100" ind1="1" ind2=" ">
   <subfield code="a">Tuazon, Paolo G.</subfield>
   <subfield code="e">author.</subfield>
  </datafield>
  <datafield tag="245" ind1="1" ind2="0">
   <subfield code="a">Rotating green wall</subfield>
   <subfield code="b">a practical, cost-effective, and user-friendly vertical gardening alternative</subfield>
   <subfield code="c">by Paolo G. Tuazon ; Jose Dan Villa Juan, adviser.</subfield>
  </datafield>
  <datafield tag="264" ind1=" " ind2="0">
   <subfield code="a">Quezon City</subfield>
   <subfield code="b">College of Architecture, University of the Philippines Diliman</subfield>
   <subfield code="c">July 2015.</subfield>
  </datafield>
  <datafield tag="300" ind1=" " ind2=" ">
   <subfield code="a">vi, 62 leaves</subfield>
   <subfield code="b">illustrations (some color)</subfield>
   <subfield code="c">28 cm</subfield>
  </datafield>
  <datafield tag="336" ind1=" " ind2=" ">
   <subfield code="a">text</subfield>
   <subfield code="2">rdacontent</subfield>
  </datafield>
  <datafield tag="337" ind1=" " ind2=" ">
   <subfield code="a">unmediated</subfield>
   <subfield code="2">rdamedia</subfield>
  </datafield>
  <datafield tag="338" ind1=" " ind2=" ">
   <subfield code="a">volume</subfield>
   <subfield code="2">rdacarrier</subfield>
  </datafield>
  <datafield tag="500" ind1=" " ind2=" ">
   <subfield code="a">Includes appendices</subfield>
  </datafield>
  <datafield tag="502" ind1=" " ind2=" ">
   <subfield code="a">Thesis (Master of Tropical Landscape Architecture) -- University of the Philippines Diliman</subfield>
   <subfield code="d">July 2015.</subfield>
  </datafield>
  <datafield tag="520" ind1="3" ind2=" ">
   <subfield code="a">Access to the upper parts of the present day designs for green walls has always posed a major challenge in maintaining and sustaining vertical gardens which has led to costs in both money and time.  This study was conducted to develop an alternative green wall system to improve access using an alternative green wall system that is both cost-effective and user-friendly.  The study involved two main phases, namely, research and development of the prototype rotating green wall system and the construction of a more traditional green wall (as control) and data collection at Bay, Laguna and UP Diliman.  A total of 55 randomly selected subjects were asked to water plants from the two types of green walls.  Variables measured were before and after measurements of pulse and heart rates using a digital blood pressure monitor, perception of ease of use and preferences using Borg RPE Scale and duration for watering both systems.  Results of the study showed that the developed rotary system was preferred when compared to the traditional system except that the former was more expensive due to the pulley system installed.  However, the rotary system had less damaged plants.  Although not measured by the study, it is probable that the health and reduction in risks due to using ladders may outweigh the initial cost of setting up the rotary system.  It is recommended that this prototype be scaled up to further explore its effectiveness under conditions simulating higher placements as well as explore alternative materials which can help reduce cost.  Other parameters should also be studied like water efficiency of this model in the light of problems of water availability, as well as research in other possible applications such as in residential areas in urban areas like condominiums where space is limited and use of edible plants to help address food security particularly in urban slums.</subfield>
  </datafield>
  <datafield tag="700" ind1="1" ind2=" ">
   <subfield code="a">Villa Juan, Jose Dan</subfield>
   <subfield code="e">thesis adviser.</subfield>
  </datafield>
  <datafield tag="905" ind1=" " ind2=" ">
   <subfield code="a">FI</subfield>
  </datafield>
  <datafield tag="852" ind1="0" ind2=" ">
   <subfield code="a">UPD</subfield>
   <subfield code="b">DARC</subfield>
   <subfield code="h">LG 995 2015 T73 T83</subfield>
  </datafield>
  <datafield tag="942" ind1=" " ind2=" ">
   <subfield code="a">Thesis</subfield>
  </datafield>
 </record>
</collection>
